Statistics for Famous Babies

Click here to take the quiz!

General Stats

  • This quiz has been taken 56 times
  • The average score is 8 of 27

Answer Stats

Hint Answer % Correct
Dirty DancingBaby Houseman
71%
Baseball legendBabe Ruth
69%
Hilary SwankMillion Dollar Baby
59%
Polanski filmRosemary's Baby
55%
The FlinstonesPebbles
47%
Bette DavisBaby Jane
37%
The RubblesBamm Bamm
37%
Crime of the CenturyLindbergh Baby
35%
From Toy Story (1)Baby Face
35%
Johnny Depp MovieCry Baby
35%
Amidala's TwinsLuke and Leia
35%
Music to develop your infant brainBaby Einstein
31%
Diaper wearing giant duckBaby Huey
31%
Katharine Hepburn movieBringing Up Baby
27%
Fell down a wellBaby Jessica
27%
5 born in Callander, CanadaDionne Quintuplets
27%
First "testtube" babyLouise Brown
24%
GangsterBabyface Nelson
20%
Brooke ShieldsPretty Baby
18%
From Yoshi gameBaby Mario
18%
From Toy Story 3Big Baby
16%
McPherson family comic stripBaby Blues
8%
Who Framed Roger RabbitBaby Herman
8%
Real name of baby baptised in "The Godfather"Sofia Coppola
6%
Tennis star, athlete of the yearBabe Didrikson
6%
Baby survived the TitanicMillvina Dean
4%
"Nevermind" babySpencer Elden
4%

Score Distribution

Percentile by Number Answered

Percent of People with Each Score

Your Score History

You have not taken this quiz